000
00323nam a22001457a 4500
003
OSt
020
_a
812192345.
040
_c
0
082
_2
22
_a
005.438
100
_a
Sinha, Prosenjit.
245
_a
Visual Basic Complete /
260
_b
New Delhi S .chand,
_c
c2008.
300
_a
x, 292p, ;
_b
NA
_c
24 cm.
942
_2
ddc
_c
IT
999
_c
4629
_d
4629